Music Quiz

Random Music or Blitz Quiz

Female Singer Blitz II Quiz Stats

 Plays Quiz Updated May 24, 2018

Challenge
Share
Tweet
Embed
Score 0/30 Timer 03:00
3 Plays Today
% Correct
Katy Perry
92.6%
Aretha Franklin
89.1%
Whitney Houston
88.7%
Katy Perry
87.9%
Cher
81.8%
Taylor Swift
80.5%
Beyoncé
80.3%
Whitney Houston
79.7%
Aretha Franklin
78.1%
Taylor Swift
76.5%
Cher
74.5%
Cher
74.4%
Katy Perry
73.8%
Taylor Swift
71.1%
Beyoncé
69.5%
% Correct
Beyoncé
66.4%
Aretha Franklin
65%
Aretha Franklin
64.6%
Katy Perry
64.1%
Whitney Houston
62.6%
Taylor Swift
61.4%
Beyoncé
60.7%
Taylor Swift
54.8%
Cher
42%
Whitney Houston
39.7%
Katy Perry
36.8%
Cher
35.6%
Beyoncé
34.8%
Aretha Franklin
28.2%
Whitney Houston
20.4%

You're not logged in!

Compare scores with friends on all Sporcle quizzes.
OR
Log In

You Might Also Like...

Show Comments

Extras

Top Quizzes Today


Score Distribution

Your Account Isn't Verified!

In order to create a playlist on Sporcle, you need to verify the email address you used during registration. Go to your Sporcle Settings to finish the process.

Report this User

Report this user for behavior that violates our Community Guidelines.

Details: